000 00871nam a2200265Ia 4500
003 OSt
005 20220923213417.0
006 a|||||r|||| 00| 0
007 ta
008 220922b |||||||| |||| 00| 0 hin d
024 _a161,718
037 _cTextual
040 _aARTS
_cARTS
_bhin
041 _2hin
_ahin
082 _aO152,2M98,BY, J4;K1
100 _aगोविन्ददास
245 0 _aभूदान-यज्ञ नाटक
246 _aBhūdāna-yagna nāṭaka
250 _aसंस्क0 2
260 _aनागपुर
_b म0 प्रदेशीय भुदान यज्ञ समिति
_c1954
300 _a126 पृ.
_ccm.
650 _aहिन्दी साहित्य
_9156264
942 _hO152,2M98,BY, J4;K1
_cTEXL
_2CC
999 _c316285
_d316285